000 01167nam a2200229Ia 4500
999 _c38155
_d38155
001 4145
003 GE_BSU
005 20190917162642.0
008 181216s1971||||ge |||||||||||||| ||geo||
040 _cGE_BSU
041 _ageo
080 _a398(479.223) ნ–77
100 _aნოღაიდელი, ჯემალ
_9114
245 _aნარკვევები და ჩანაწერები.
_bკრებული. წ. 1. /
_cგამოსაც. მოამზადა, რედ. გაუკეთა, წინასიტყვაობა, კომენტარები და შენიშვნები ლექსიკონითურთ დაურთო ი. მეგრელიძემ.
264 _aბათუმი :
_bსაბჭ. აჭარა,
_c1971.
300 _a268 გვ. ;
_b22 სმ.
653 _aქართული წეს-ჩვეულებები
653 _aქართველების ეთნოგრაფია
653 _aაჭარლები
700 _aმეგრელიძე, ი.
_eრედაქტორი
_91203
942 _cBK
_2udc